| 000 | 00503nam a22001697a 4500 | ||
|---|---|---|---|
| 005 | 20240923151857.0 | ||
| 010 | _aENG-112846 | ||
| 020 |
_c295.00 _a9789380828473 |
||
| 035 | _aEN-96378 | ||
| 037 | _bDBAD/PUB | ||
| 100 |
_aDhar, Mainak _971881 |
||
| 245 |
_aHindustaan: _bwhat if the british never conquered india?/ _cby Mainak Dhar |
||
| 260 |
_aNew Delhi _bVitasta Publishing _c2012 |
||
| 270 |
_a2/15, Ansari Road, Daryaganj, _bNew Delhi _e110002 |
||
| 300 |
_a285p. _c21cm(pbk) |
||
| 942 |
_2ddc _cEN _mDHA |
||
| 999 |
_c93075 _d93075 |
||